| 000 -ლიდერი |
| ფიქსირებული სიგრძის საკონტროლო ველი |
01254nam a2200229Ia 4500 |
| 001 - საკონტროლო ნომერი |
| საკონტროლო ველი |
3378 |
| 003 - საკონტროლო ნომრის იდენტიფიკატორი |
| საკონტროლო ველი |
GE_BSU |
| 005 - ბოლო ოპერაციის თარიღი და დრო |
| საკონტროლო ველი |
20190605201054.0 |
| 008 - ფიქსირებული სიგრძის მონაცემთა ელემენტები - ზოგადი ინფორმაცია |
| ფიქსირებული სიგრძის საკონტროლო ველი |
181216s1985|||| |||||||||||||| ||geo|| |
| 040 ## - კატალოგიზაციის წყარო |
| Transcribing agency |
GE_BSU |
| 041 ## - ენის კოდი |
| Language code of text/sound track or separate title |
geo |
| 080 ## - უნივერსალური ათობითი კლასიფიკაციის ინდექსი |
| Universal Decimal Classification number |
620.17(075.8) ლ–86 |
| 100 ## - მთავარი ჩანაწერი - პიროვნების სახელი |
| Personal name |
ლოსაბერიძე, ა. |
| 9 (RLIN) |
1068 |
| 245 ## - ცნობა სათაურის შესახებ |
| Title |
საანგარიშო–საპროექტო სამუშაოები მასალათა გამძლეობაში სამშენებლო სპეციალობებისათვის : დამხმ. სახელმძღ. / |
| Statement of responsibility, etc |
ა. ლოსაბერიძე ; ლ. ჩირაძე : რედ : ე. გიორგაძე. |
| 264 ## - წარმოების, გამოცემის, დისტრიბუციის და სხვა ცნობები |
| გამოცემის, წარმოების, დისტრიბუციის... ადგილი |
თბილისი : |
| გამოცემის, წარმოების, დისტრიბუციის... სახელწოდება |
სპი, |
| გამოცემის, წარმოების, დისტრიბუციის... თარიღი |
1985. |
| 300 ## - ფიზიკური აღწერა |
| Extent |
100 გვ .: |
| Other physical details |
ნახაზ. |
| Dimensions |
20 სმ. |
| 504 ## - BIBLIOGRAPHY, ETC. NOTE |
| Bibliography, etc |
ბიბლიოგრაფია გვ.: 99. |
| 653 ## - INDEX TERM--UNCONTROLLED |
| Uncontrolled term |
საანგარიშო–საპროექტო სამუშაოები მასალათა გამძლეობაში |
| 653 ## - INDEX TERM--UNCONTROLLED |
| Uncontrolled term |
მასალათა გამძლეობა |
| 700 ## - ADDED ENTRY--PERSONAL NAME |
| Personal name |
გიორგაძე, ე |
| Relator term |
რედაქტორი |
| 9 (RLIN) |
398 |
| 942 ## - ADDED ENTRY ELEMENTS (KOHA) |
| Koha item type |
წიგნი |
| Source of classification or shelving scheme |
|